LEADER 02912nam 2200565 450 001 9910453715303321 005 20200520144314.0 010 $a0-19-156935-6 035 $a(CKB)2550000001203634 035 $a(EBL)430699 035 $a(SSID)ssj0001569494 035 $a(PQKBManifestationID)16220239 035 $a(PQKBTitleCode)TC0001569494 035 $a(PQKBWorkID)14836513 035 $a(PQKB)10608625 035 $a(MiAaPQ)EBC430699 035 $a(Au-PeEL)EBL430699 035 $a(CaPaEBR)ebr11306333 035 $a(OCoLC)608129145 035 $a(EXLCZ)992550000001203634 100 $a20161201h20072007 uy 0 101 0 $aeng 135 $aur|n|---||||| 181 $ctxt 182 $cc 183 $acr 200 10$aSeven years that changed the world $eperestroika in perspective /$fArchie Brown 210 1$aOxford, [England] ;$aNew York :$cOxford University Press,$d2007. 210 4$dİ2007 215 $a1 online resource (371 p.) 300 $aDescription based upon print version of record. 311 $a0-19-956245-8 311 $a0-19-928215-3 320 $aIncludes bibliographical references and index. 327 $aContents; Preface; Glossary and Abbreviations; A; B; C; F; G; H; I; K; M; N; O; P; R; S; U; V; Z; PART I; 1. Introduction; PART II; 2. Gorbachev: New Man in the Kremlin; 3. The First Phase of Soviet Reform, 1985-6; 4. Fundamental Political Change, 1987-9; 5. Reconstructing the Soviet Political System; PART III; 6. Institutional Amphibiousness or Civil Society? The Origins and Development of Perestroika; 7. The Dismantling of the System and the Disintegration of the State; 8. Transnational Influences in the Transition from Communism; 9. Ending the Cold War 327 $a10. Gorbachev and His Era in PerspectiveIndex; A; B; C; D; E; F; G; H; I; J; K; L; M; N; O; P; R; S; T; U; V; W; Y; Z 330 $aA rigorously argued and lively interpretation of the transformation of the Soviet system, written by a leading authority on Soviet politics. This thoroughly researched book draws on new archival sources and puts perestroika in fresh perspective. - ;A rigorously argued and lively interpretation of the transformation of the Soviet system, the disintegration of the Soviet state, the end of the Cold War, and the role of Mikhail Gorbachev. Written by a leading authority on Soviet politics, this thoroughly researched book draws on new archival sources and puts perestroika in fresh perspective. Peres 606 $aPerestroi?ka 607 $aSoviet Union$xPolitics and government$y1985-1991 608 $aElectronic books. 615 0$aPerestroi?ka. 676 $a947.085/4 700 $aBrown$b Archie$f1938-$0322092 801 0$bMiAaPQ 801 1$bMiAaPQ 801 2$bMiAaPQ 906 $aBOOK 912 $a9910453715303321 996 $aSeven years that changed the world$91251368 997 $aUNINA LEADER 01442nam 2200433 a 450 001 9910701774403321 005 20120514114255.0 035 $a(CKB)5470000002420352 035 $a(OCoLC)793521522 035 $a(EXLCZ)995470000002420352 100 $a20120514d2012 ua 0 101 0 $aeng 135 $aurcn||||||||| 181 $ctxt$2rdacontent 182 $cc$2rdamedia 183 $acr$2rdacarrier 200 10$aCIGS material and device stability$b[electronic resource] $ea processing perspective /$fKannan Ramanathan 210 1$aGolden, Colo. :$cNational Renewable Energy Laboratory,$d[2012] 215 $a1 online resource (26 slides) $ccolor illustrations 225 1 $aNREL/PR ;$v5200-54569 300 $aTitle from title screen (viewed on May 14, 2012). 300 $a"March 1, 2012." 300 $a"PV Module Reliability Workshop." 517 $aCIGS material and device stability 606 $aCopper indium selenide 606 $aGallium compounds 606 $aSolar cells 615 0$aCopper indium selenide. 615 0$aGallium compounds. 615 0$aSolar cells. 700 $aRamanathan$b Kannan$01382425 712 02$aNational Renewable Energy Laboratory (U.S.) 712 12$aPhotovoltaic Module Reliability Workshop. 801 0$bGPO 801 1$bGPO 906 $aBOOK 912 $a9910701774403321 996 $aCIGS material and device stability$93483494 997 $aUNINA